Detalles MARC
| 000 -LEADER |
| campo de control de longitud fija |
02906cam a22005654i 4500 |
| 003 - IDENTIFICADOR DE NÚMERO DE CONTROL |
| campo de control |
PE-LiUPU |
| 005 - FECHA Y HORA DE LA ÚLTIMA TRANSACCIÓN |
| campo de control |
20250731175643.0 |
| 008 - DATOS DE LONGITUD FIJA--INFORMACIÓN GENERAL |
| campo de control de longitud fija |
150706s2015 mx a rb 000 0 d |
| 020 ## - NÚMERO INTERNACIONAL ESTÁNDAR DEL LIBRO |
| Número Internacional Estándar del Libro |
9786074385472 |
| 035 ## - NÚMERO DE CONTROL DEL SISTEMA |
| Número de control de sistema |
(Sirsi) i9786074385472 |
| 040 ## - FUENTE DE CATALOGACIÓN |
| Centro catalogador/agencia de origen |
PE-LiUPU |
| Lengua de catalogación |
spa |
| Centro/agencia transcriptor |
PE-LiUPU |
| Normas de descripción |
rda |
| 049 ## - FONDOS LOCALES (OCLC) |
| Biblioteca depositaria |
PRUA |
| 082 04 - NÚMERO DE LA CLASIFICACIÓN DECIMAL DEWEY |
| Número de clasificación |
468.2 |
| Cutter |
Z46 |
| Número de edición |
21 |
| 082 04 - NÚMERO DE LA CLASIFICACIÓN DECIMAL DEWEY |
| Número de clasificación |
468.2 |
| Cutter |
46 T2 2015 |
| Número de edición |
21 |
| 100 1# - ENTRADA PRINCIPAL--NOMBRE DE PERSONA |
| Nombre de persona |
Zarzar Charur, Carlos, |
| Término indicativo de función/relación |
autor. |
| 245 10 - MENCIÓN DEL TÍTULO |
| Título |
Lectura, expresión oral y escrita (para el bachillerato tecnológico) / |
| Mención de responsabilidad, etc. |
Carlos Zarzar Charur. |
| 250 ## - MENCION DE EDICION |
| Mención de edición |
1a ed. |
| 264 #1 - PRODUCCIÓN, PUBLICACIÓN, DISTRIBUCIÓN, FABRICACIÓN Y COPYRIGHT |
| Producción, publicación, distribución, fabricación y copyright |
México : |
| Nombre del de productor, editor, distribuidor, fabricante |
Grupo Editorial Patria, |
| Fecha de producción, publicación, distribución, fabricación o copyright |
2012. |
| 300 ## - DESCRIPCIÓN FÍSICA |
| Extensión |
135 páginas : |
| Otras características físicas |
ilustraciones a color ; |
| Dimensiones |
27 cm. |
| 336 ## - TIPO DE CONTENIDO |
| Término de tipo de contenido |
text |
| Fuente |
rdacontent |
| 337 ## - TIPO DE MEDIO |
| Nombre/término del tipo de medio |
unmediated |
| Fuente |
rdamedia |
| 338 ## - TIPO DE SOPORTE |
| Nombre/término del tipo de soporte |
volume |
| Fuente |
rdacarrier |
| 490 0# - MENCIÓN DE SERIE |
| Mención de serie |
DGETI |
| 500 ## - NOTA GENERAL |
| Nota general |
Con apoyos audiovisuales en YouTube. |
| 504 ## - NOTA DE BIBLIOGRAFÍA, ETC. |
| Nota de bibliografía, etc. |
Incluye bibliografía. |
| 505 0# - NOTA DE CONTENIDO CON FORMATO |
| Nota de contenido con formato |
Apoyos para trabajos académicos -- Elaboración de trabajos académicos -- El análisis de textos -- La expresión oral -- La expresión escrita -- Índice de enlaces a videos en YouTube -- Índice de las lecturas de apoyo. |
| 526 ## - NOTA DE INFORMACIÓN SOBRE EL PROGRAMA DE ESTUDIO |
| Nombre del programa |
Comunicación Y Periodismo |
| 526 ## - NOTA DE INFORMACIÓN SOBRE EL PROGRAMA DE ESTUDIO |
| Nombre del programa |
Educación, Especialidad Inglés Y Español (A Distancia) |
| 526 ## - NOTA DE INFORMACIÓN SOBRE EL PROGRAMA DE ESTUDIO |
| Nombre del programa |
Educación, Especialidad Inglés Y Español |
| 526 ## - NOTA DE INFORMACIÓN SOBRE EL PROGRAMA DE ESTUDIO |
| Nombre del programa |
Teología |
| 526 ## - NOTA DE INFORMACIÓN SOBRE EL PROGRAMA DE ESTUDIO |
| Nombre del programa |
Educación secundaria, especialidad lingüística e inglés |
| 526 ## - NOTA DE INFORMACIÓN SOBRE EL PROGRAMA DE ESTUDIO |
| Nombre del programa |
Ciencias de la comunicación |
| 541 ## - NOTA DE FUENTE DE ADQUISICIÓN DIRECTA |
| -- |
001-0037503; |
| 541 ## - NOTA DE FUENTE DE ADQUISICIÓN DIRECTA |
| -- |
001-00003175; |
| 541 ## - NOTA DE FUENTE DE ADQUISICIÓN DIRECTA |
| -- |
; |
| 596 ## - |
| -- |
1 3 |
| 650 04 - PUNTO DE ACCESO ADICIONAL DE MATERIA--TÉRMINO DE MATERIA |
| Término de materia o nombre geográfico como elemento de entrada |
Español |
| Subdivisión general |
Composición y ejercicios |
| -- |
Estudio y enseñanza (Superior). |
| 650 04 - PUNTO DE ACCESO ADICIONAL DE MATERIA--TÉRMINO DE MATERIA |
| Término de materia o nombre geográfico como elemento de entrada |
Comunicación |
| Subdivisión general |
Estudio y enseñanza (Superior). |
| 700 1# - ENTRADA AGREGADA--NOMBRE PERSONAL |
| Nombre de persona |
Callejas, Javier Enrique, |
| Término indicativo de función/relación |
dir. ed. |
| 910 ## - DATOS DE OPCIÓN DEL USUARIO (OCLC) |
| Datos de opción del usuario |
gl |
| -- |
lch |
| -- |
20130924 |
| 910 ## - DATOS DE OPCIÓN DEL USUARIO (OCLC) |
| -- |
tqv |
| -- |
aic |
| -- |
20170118 |
| 942 ## - ELEMENTOS DE ENTRADA SECUNDARIOS (KOHA) |
| Fuente del sistema de clasificación o colocación |
Clasificación Decimal Dewey |
| Tipo de ítem Koha |
|
| 949 ## - PROCESAMIENTO DE INFORMACIÓN LOCAL (OCLC) |
| a |
468.2 Z46 2 |
| w |
DEWEY |
| c |
1 |
| i |
68316 |
| l |
CCODEBUL1 |
| m |
BUL |
| p |
18.00 |
| r |
0 |
| s |
Y |
| t |
BOOK |
| u |
2015-7-6 |
| x |
EDUCACION |
| -- |
P20 |
| o |
.STAFF. Colección General |
| 949 ## - PROCESAMIENTO DE INFORMACIÓN LOCAL (OCLC) |
| a |
468.2 Z46 T2 2015 |
| w |
DEWEY |
| c |
1 |
| i |
FJ05530 |
| l |
CCODEBUJ1 |
| m |
BUJ |
| p |
15.00 |
| r |
0 |
| s |
Y |
| t |
BOOK |
| u |
2017-01-18 |
| x |
EDUCACION |
| -- |
P20 |
| 0 |
COMPRA |
| o |
.STAFF. Colección General Juliaca |
| 949 ## - PROCESAMIENTO DE INFORMACIÓN LOCAL (OCLC) |
| a |
468.2 Z46 T2 2015 |
| w |
DEWEY |
| c |
2 |
| i |
FJ11462 |
| l |
CCODEBUJ1 |
| m |
BUJ |
| p |
18.00 |
| r |
0 |
| s |
Y |
| t |
BOOK |
| u |
2018-08-15 |
| x |
EDUCACION |
| -- |
P20 |
| 0 |
COMPRA |
| o |
.STAFF. Colección General Juliaca |
| 994 ## - |
| -- |
C0 |
| -- |
PEPRU |
| 999 ## - NÚMEROS DE CONTROL DE SISTEMA (KOHA) |
| -- |
DEWEY |
| -- |
FJ05530 |
| -- |
2022-1-19 |
| -- |
4 |
| -- |
CCODEBUJ1 |
| -- |
BUJ |
| -- |
15.00 |
| -- |
0 |
| -- |
Y |
| -- |
BOOK |
| -- |
2017-1-18 |
| -- |
EDUCACION |
| -- |
P20 |
| -- |
COMPRA |
| -- |
.STAFF. Colección General Juliaca |
| 999 ## - NÚMEROS DE CONTROL DE SISTEMA (KOHA) |
| -- |
DEWEY |
| -- |
FJ11462 |
| -- |
2022-1-19 |
| -- |
3 |
| -- |
CCODEBUJ1 |
| -- |
BUJ |
| -- |
18.00 |
| -- |
1 |
| -- |
0 |
| -- |
Y |
| -- |
BOOK |
| -- |
2018-8-21 |
| -- |
EDUCACION |
| -- |
P14 |
| -- |
COMPRA |
| -- |
FCOMPRA |
| -- |
.STAFF. Colección General Juliaca |
| 999 ## - NÚMEROS DE CONTROL DE SISTEMA (KOHA) |
| -- |
DEWEY |
| -- |
68316 |
| -- |
2018-3-13 |
| -- |
2021-11-8 |
| -- |
5 |
| -- |
CCODEBUL1 |
| -- |
BUL |
| -- |
4 |
| -- |
18.00 |
| -- |
3 |
| -- |
0 |
| -- |
N |
| -- |
BOOK |
| -- |
2015-7-6 |
| -- |
EDUCACION |
| -- |
P20 |
| -- |
COMPRA |
| -- |
.STAFF. Colección General |
| 980 ## - EQUIVALENCIA O REFERENCIA-CRUZADA-MENCIÓN DE SERIE--NOMBRE DE PERSONA/TÍTULO [LOCAL, CANADÁ] |
| ID del último usuario que modificó el registro |
1 |
| Nombre del último usuario que modificó el registro |
ALBERTO SANCHEZ Responsable de Automatización |